000
00287nam a22001217a 4500
020
_a
9788189401324
082
_a
624.18341
_b
SUS/TR
100
_a
Sushil Kumar
_9
167
245
_a
Treasure of RCC Design
260
_a
New Delhi
_b
Standard Book House
_c
2012
300
_a
1115
942
_c
BK
999
_c
14140
_d
14140